Economía (Registro nro. 5489)

Detalles MARC
000 -LEADER
fixed length control field 01700 a2200229 4500
001 - CONTROL NUMBER
control field 54325
005 - DATE AND TIME OF LATEST TRANSACTION
control field 20260407155815.0
008 - FIXED-LENGTH DATA ELEMENTS--GENERAL INFORMATION
fixed length control field 260407a1959 arg spa d
003 - CONTROL NUMBER IDENTIFIER
control field AR-UNSa-BCEJYS
040 ## - CATALOGING SOURCE
Original cataloging agency AR-UNSa-BCEJYS
Language of cataloging spa
Transcribing agency AR-UNSa-BCEJYS
080 ## - UNIVERSAL DECIMAL CLASSIFICATION NUMBER
Universal Decimal Classification number 330
Common auxiliary subdivision Economía en general
041 ## - LANGUAGE CODE
Language code of text/sound track or separate title spa
100 1# - MAIN ENTRY--PERSONAL NAME
Personal name Umbreit, Myron H.
245 10 - TITLE STATEMENT
Title Economía
Name of part/section of a work Principios y problemas
264 #1 - PRODUCTION, PUBLICATION, DISTRIBUTION, MANUFACTURE, AND COPYRIGHT NOTICE
Place of production, publication, distribution, manufacture Buenos Aires :
Name of producer, publisher, distributor, manufacturer Bibliográfica Argentina
Date of production, publication, distribution, manufacture, or copyright notice 1959
300 ## - PHYSICAL DESCRIPTION
Extent 578 p.
Dimensions 23 cm.
505 ## - FORMATTED CONTENTS NOTE
Formatted contents note 1. La naturalleza de la actividad económica - 23. Organización económica - 3. La economía norteamericana - 4. Población, recursos y tecnología - 5. Producción - 6. el papel del consumidor - 7. La renta naional - 8. Determinación de ingresos y empleo:I - 9. Determinación de ingresos y empleo:II - 10. El dinero y sus funciones - 11. La provisión de dinero y el sistema bancario - 12. El dinero, el nivel de precios y el empleo - 13. Inestabilidad económica - 14. Políticas del gobierno para asegurar y mantener la ocupación plena - 15. La determinación de los precios y la distribución de los ingresos - 16. Costos de producción y oferta - 17. Monopolio y competencia imperfecta - 18. La distribución de los ingresos - 19. Desigualdad ecionómica - 20. Finanzas públicas - 21. El problema obrero - 22. El seguro social y el problema del trabajo personal - 23. El problema del monopolio - 24. Reglamentación de los servicios públicos - 25. La economía de la agricultura - 26. Relaciones económicas internacionales - 27. Socialismoo, comunismo y capitalismo
590 ## - LOCAL NOTE (RLIN)
Local note niveau_biblio:m niveau_hierar:0
700 1# - ADDED ENTRY--PERSONAL NAME
Personal name Hunt, Elgin F.
700 1# - ADDED ENTRY--PERSONAL NAME
Personal name Kinter, Charles V.
942 ## - ADDED ENTRY ELEMENTS (KOHA)
Koha item type
Existencias
Withdrawn status Lost status Damaged status Not for loan Home library Current library Shelving location Date acquired Total checkouts Full call number Barcode Date last seen Price effective from Koha item type
        Biblioteca Prof. Eusebio Cleto del Rey Biblioteca Prof. Eusebio Cleto del Rey   07/04/2026   330 U49 L20346 07/04/2026 07/04/2026 Libro